| 000 | 00523nam a22001937a 4500 | ||
|---|---|---|---|
| 003 | OSt | ||
| 005 | 20140310181805.0 | ||
| 008 | 130704t xxu||||| |||| 00| 0 eng d | ||
| 020 | _a0753711230 | ||
| 050 |
_aPE 1628.5 _b.W385 2005 |
||
| 082 |
_aREF 423 _bW39 2005 |
||
| 245 | _aWebster's children dictionary & thesaurus. | ||
| 260 |
_aLondon _bBounty Books _cc2005. |
||
| 300 |
_a255 p. _b: ill., col. ; _c25 cm. |
||
| 521 | _aBasic Ed. Students | ||
| 541 | _j1 | ||
| 562 | _e1 | ||
| 942 |
_2lcc _cBK-GR _kREF |
||
| 999 |
_c3776 _d3776 |
||